000 00540nam a2200193 i 4500
001 49886
003 ES-MaACL
005 20230906162059.0
007 t|
008 030725s1913 it ||||1| ita d
100 1 _aCraveri, Calisto.
_941454
245 1 3 _aLe essenze naturali
_b: estrazione, caratteri, analizi /
_cCalisto Craveri.
260 _aMilano :
_b[Allegretti],
_c1913.
300 _aXI, 366 p. ;
_c15 cm.
490 1 _aManuali Hoepli
830 0 _aManuali Hoepli
_9180782
852 _aES-MaACL
_jD-3629
999 _c49886
_d49886